70 Wonders of the World - Statistics

General Stats
  • This quiz has been taken 72 times
    58 since last reset
  • The average score is 16 of 70
Answer Stats
Country Wonder % Correct
China Great Wall of China
80%
China Great Wall of China
80%
Italy Colosseum
76%
Jordan Petra
74%
Peru Machu Picchu
70%
Nepal Mount Everest
63%
Nepal Mount Everest
63%
India Taj Mahal
61%
Brazil Christ the Redeemer
52%
Iraq Hanging Gardens of Babylon
52%
Australia Great Barrier Reef
50%
Australia Great Barrier Reef
50%
Australia Great Barrier Reef
50%
Mexico Chichen Itza
46%
Egypt Great Pyramid of Giza
43%
Greece Colossus of Rhodes
37%
Argentina/Brazil Iguazu Falls
37%
Zambia/Zimbabwe Victoria Falls
37%
United States Grand Canyon
35%
Venezuela Angel Falls
33%
Egypt Lighthouse of Alexandria
33%
Panama Panama Canal
33%
Panama Panama Canal
33%
Canada CN Tower
30%
United Kingdom Stonehenge
30%
United Kingdom/France Channel Tunnel
28%
United States Empire State Building
26%
South America Amazon Rainforest
24%
United States Golden Gate Bridge
24%
Italy Leaning Tower of Pisa
24%
Ecuador Galápagos Islands
22%
Turkey Hagia Sophia
22%
North Pole/South Pole Aurora Borealis / Northern Lights
17%
Turkey Mausoleum at Halicarnassus
15%
Saturn Ring System of Saturn
15%
Between Mars and Jupiter Asteroid Belt
13%
Vietnam Halong Bay
13%
United States Hoover Dam
13%
Russia Lake Baikal
13%
Greece Statue of Zeus at Olympia
13%
South Africa Table Mountain
13%
Mars Olympus Mons
11%
Turkey Temple of Artemis at Ephesus
11%
Jupiter The Great Red Spot
11%
Brazil Harbor of Rio de Janeiro
7%
Brazil/Paraguay Itaipu Dam
7%
South Korea Jeju Island
7%
Italy Roman Colosseum
7%
United States Brooklyn Bridge
4%
Moon of Saturn Enceladus
4%
Belize Belize Barrier Reef
2%
Egypt/Saudi Arabia Northern Red Sea
2%
Philippines Puerto Princesa Underground River
2%
Sun The Surface of the Sun
2%
Canada Bay of Fundy
0%
Egypt Catacombs of Kom el Shoqafa
0%
Ecuador Deep-Sea Vents
0%
Netherlands Delta Works
0%
United States First Transcontinental Railroad
0%
Argentina/Brazil Iguaçu Falls
0%
United Kingdom Inchcape / Bell Rock
0%
Indonesia Komodo Islands
0%
Indonesia Krakatoa Island
0%
United Kingdom London Sewer System
0%
Palau Palau Reefs
0%
Mexico Parícutin Volcano
0%
Mexico Parícutin Volcano
0%
China Porcelain Tower of Nanjing
0%
United Kingdom SS Great Eastern
0%
Mars Valles Marineris
0%
No matching quizzes found
Score Distribution
Percent of People with Each Score
Percentile by Number Answered
Your Score History
You have not taken this quiz since the last reset